[Event "XXIII OPEN INTERNACIONAL ESCACS DE TORREDEMBARRA"]
[Site "Torredembarra"]
[Date "2023.07.05"]
[Round "5.6"]
[White "Mateos Rozas, Miguel Angel"]
[Black "Martin Barcelo, Carles"]
[Result "1-0"]
[TimeControl "90'+30\""]
[WhiteTitle "CM"]
[BlackTitle "FM"]
[WhiteFideId "2272679"]
[BlackFideId "24561444"]
[WhiteElo "2203"]
[BlackElo "2221"]

1. e4 {[%clk 01:30:57]} {[%emt 00:00:01]} c6 {[%clk 01:30:23]} {[%emt
00:00:38]} 2. d4 {[%clk 01:31:08]} {[%emt 00:00:19]} d5 {[%clk 01:30:45]}
{[%emt 00:00:08]} 3. Nc3 {[%clk 01:31:29]} {[%emt 00:00:08]} dxe4 {[%clk
01:30:12]} {[%emt 00:01:03]} 4. Nxe4 {[%clk 01:31:47]} {[%emt 00:00:12]} Nf6
{[%emt 00:01:32]} 5. Nxf6+ {[%clk 01:31:50]} {[%emt 00:00:10]} exf6 {[%emt
00:01:01]} 6. c3 {[%clk 01:31:26]} {[%emt 00:00:06]} Bd6 {[%clk 01:30:00]}
{[%emt 00:00:13]} 7. Bd3 {[%emt 00:00:15]} O-O {[%emt 00:01:21]} 8. Ne2 {[%clk
01:31:03]} {[%emt 00:00:08]} Re8 {[%clk 01:30:33]} {[%emt 00:00:08]} 9. O-O
{[%emt 00:01:03]} Nd7 {[%emt 00:01:42]} 10. Ng3 {[%emt 00:00:55]} g6 {[%emt
00:00:54]} 11. Bh6 {[%emt 00:01:55]} Nf8 {[%emt 00:08:20]} 12. Ne4 {[%emt
00:00:28]} Be7 {[%emt 00:00:12]} 13. Qd2 {[%emt 00:09:24]} Ne6 {[%emt
00:07:39]} 14. b4 {[%emt 00:02:36]} a5 {[%emt 00:02:49]} 15. a3 {[%emt
00:02:12]} f5 {[%emt 00:06:42]} 16. Nc5 {[%emt 00:03:08]} b6 {[%emt 00:02:32]}
17. Nxe6 {[%emt 00:00:13]} Bxe6 {[%emt 00:04:12]} 18. Be3 {[%emt 00:05:14]} Qd7
{[%emt 00:05:20]} 19. Qb2 {[%emt 00:04:03]} b5 {[%emt 00:10:09]} 20. Rfd1
{[%emt 00:01:08]} Bd5 {[%emt 00:08:34]} 21. Bf1 {[%clk 00:39:08]} {[%emt
00:00:22]} Bd6 {[%clk 01:01:19]} {[%emt 00:02:17]} 22. bxa5 {[%emt 00:06:58]}
f4 {[%emt 00:03:47]} 23. Bd2 {[%emt 00:01:20]} Qg4 {[%clk 00:51:44]} {[%emt
00:00:53]} 24. h3 {[%emt 00:12:20]} Qh4 {[%clk 00:40:47]} {[%emt 00:00:52]} 25.
Be1 {[%emt 00:08:14]} f3 {[%emt 00:00:40]} 26. g3 {[%emt 00:03:43]} Qh5 {[%emt
00:00:43]} 27. a4 {[%clk 00:35:50]} {[%emt 00:00:01]} Bc4 {[%emt 00:09:06]} 28.
Rd3 {[%emt 00:03:17]} Re4 {[%emt 00:08:27]} 29. axb5 {[%emt 00:01:41]} Rae8
{[%emt 00:12:26]} 30. Qd2 {[%emt 00:19:53]} Re2 {[%emt 00:02:25]} 31. Bxe2
{[%clk 00:09:45]} {[%emt 00:00:15]} Rxe2 {[%clk 00:03:31]} {[%emt 00:00:10]} 32.
Qd1 {[%clk 00:10:01]} {[%emt 00:00:14]} Bxg3 {[%clk 00:01:51]} {[%emt
00:02:11]} 33. Qxe2 {[%emt 00:01:49]} fxe2 {[%clk 00:00:43]} {[%emt 00:00:16]}
34. Rxg3 {[%emt 00:00:09]} Qxb5 {[%emt 00:01:01]} 35. f4 {[%emt 00:00:35]} Qb2
{[%clk 00:00:45]} {[%emt 00:00:32]} 36. Ra4 {[%clk 00:10:06]} {[%emt 00:00:08]}
Bb5 {[%emt 00:01:31]} 37. Rb4 {[%clk 00:09:18]} {[%emt 00:00:06]} Qc1 {[%clk
00:00:57]} {[%emt 00:00:29]} 38. Kf2 {[%clk 00:09:33]} {[%emt 00:00:15]} Qxf4+
{[%clk 00:01:20]} {[%emt 00:00:08]} 39. Rf3 {[%clk 00:09:39]} {[%emt 00:00:24]}
Qh4+ {[%clk 00:01:46]} {[%emt 00:00:04]} 40. Rg3 {[%emt 00:01:17]} Qf4+ {[%emt
00:00:21]} 41. Rf3 {[%clk 00:10:34]} Qh4+ {[%clk 00:01:11]} {[%emt 00:00:02]}
42. Rg3 {[%emt 00:00:28]} Qe4 {[%emt 00:00:22]} 43. Rxb5 {[%clk 00:10:57]}
{[%emt 00:00:04]} cxb5 {[%clk 00:01:41]} {[%emt 00:00:12]} 44. Re3 {[%clk
00:11:22]} {[%emt 00:00:05]} Qf5+ {[%clk 00:00:34]} {[%emt 00:01:37]} 45. Kxe2
{[%clk 00:11:40]} {[%emt 00:00:11]} Qc2+ {[%clk 00:01:00]} {[%emt 00:00:04]} 46.
Bd2 {[%clk 00:11:36]} {[%emt 00:00:35]} Qa2 {[%emt 00:04:25]} 47. Rd3 {[%emt
00:03:17]} Qxa5 {[%clk 00:00:33]} {[%emt 00:00:14]} 48. d5 {[%emt 00:00:24]}
Qa7 {[%clk 00:00:32]} {[%emt 00:00:11]} 49. d6 {[%clk 00:06:06]} {[%emt
00:00:26]} Qd7 {[%emt 00:01:44]} 50. Bh6 {[%clk 00:04:56]} {[%emt 00:00:04]} f6
{[%emt 00:01:16]} 51. Bf4 {[%clk 00:04:33]} {[%emt 00:00:01]} g5 {[%emt
00:00:49]} 52. Be3 {[%emt 00:00:17]} Kf7 {[%emt 00:00:21]} 53. Bc5 {[%emt
00:00:59]} Ke6 {[%emt 00:00:40]} 54. Bb4 {[%clk 00:04:34]} {[%emt 00:00:11]}
Qa7 {[%emt 00:00:27]} 55. d7 {[%emt 00:00:15]} Qa2+ {[%emt 00:00:27]} 56. Ke3
{[%emt 00:01:03]} Qb1 {[%emt 00:02:03]} 57. Rd6+ {[%emt 00:00:40]} Ke5 {[%clk
00:00:35]} {[%emt 00:00:20]} 58. Rd5+ {[%emt 00:00:09]} Kxd5 {[%clk 00:00:36]}
{[%emt 00:00:26]} 59. d8=Q+ {[%clk 00:03:40]} {[%emt 00:00:10]} Kc6 {[%emt
00:01:17]} 60. Qxf6+ {[%emt 00:00:56]} Kb7 {[%clk 00:00:39]} {[%emt 00:00:05]}
61. Qe7+ {[%clk 00:03:01]} {[%emt 00:00:18]} Kc8 {[%emt 00:00:42]} 62. Qe6+
{[%emt 00:00:17]} Kc7 {[%emt 00:00:35]} 63. Ba5+ {[%clk 00:03:06]} {[%emt
00:00:28]} Kb8 {[%emt 00:00:17]} 64. Qb6+ {[%clk 00:03:17]} {[%emt 00:00:06]}
Ka8 {[%clk 00:01:25]} {[%emt 00:00:04]} 65. Qc6+ {[%emt 00:00:27]} Ka7 {[%emt
00:00:11]} 66. Bb6+ {[%clk 00:03:50]} {[%emt 00:00:08]} Ka6 {[%clk 00:01:59]}
{[%emt 00:00:06]} 67. Bc5+ {[%clk 00:04:14]} {[%emt 00:00:06]} 1-0